Al-Murshid-Ila Salat (Record no. 4003)
[ view plain ]
| 000 -LEADER | |
|---|---|
| fixed length control field | 00589nam a2200241 a 4500 |
| 020 ## - INTERNATIONAL STANDARD BOOK NUMBER | |
| ISBN | |
| 082 00 - DEWEY DECIMAL CLASSIFICATION NUMBER | |
| Classification number | 223.2 |
| Author Cutter | JAD |
| 100 ## - MAIN ENTRY--AUTHOR NAME | |
| Author name | Jadeed, Iskandar |
| 245 ## - TITLE STATEMENT | |
| Title | Al-Murshid-Ila Salat |
| Sub title | Yamin-Ur-Rabbi-Murtafah. |
| 260 ## - PUBLICATION, DISTRIBUTION, ETC. (IMPRINT) | |
| Place of publication | Beirut |
| Name of publisher | Markaz Ilshabiyata |
| Year of publication | 1974 |
| 300 ## - PHYSICAL DESCRIPTION | |
| Number of Pages | 208p |
| 500 ## - GENERAL NOTE | |
| General note | includes index and biblioraphy |
| 505 2# - FORMATTED CONTENTS NOTE | |
| Formatted contents note | Appendix |
| 650 ## - SUBJECT ADDED ENTRY--TOPICAL TERM | |
| Topical Term | Psalms |
| 942 ## - ADDED ENTRY ELEMENTS (KOHA) | |
| Koha item type | |
| 700 1# - | |
| -- | Jadeed, Iskandar |
| Home library | Current library | Date acquired | Cost, normal purchase price | Full call number | Accession Number | Koha item type |
|---|---|---|---|---|---|---|
| Henry Martyn Institute Library | Henry Martyn Institute Library | 06/19/2007 | 100.00 | 223.2 JAD | 07325 | Books |
| Henry Martyn Institute Library | Henry Martyn Institute Library | 04/12/2018 | 100.00 | 223.2 JAD | 07479 | Books |
